Devizový úvěr pro českou ekonomiku.

Rozsah a štruktúra devízových úverov pre ČR. Príliv devízových zdrojov do bývalej ČSFR v r. 1990-1992. Úvery od Medzinárodného menového fondu. Úver na podporu platobnej bilancie a úverovanie projektov. Zahraničné úvery podnikom.

Enregistré dans:
Détails bibliographiques
Auteur principal: Mervart, J.
Format: Chapitre de livre
Langue:tchèque
Sujets:
Tags: Ajouter un tag
Pas de tags, Soyez le premier à ajouter un tag!

MARC

LEADER 00000naa a2200000 4500
001 r012037
005 20220826094634.9
041 0 |a cze 
044 |a CZ 
245 1 0 |a Devizový úvěr pro českou ekonomiku.  |c J. Mervart 
520 |a Rozsah a štruktúra devízových úverov pre ČR. Príliv devízových zdrojov do bývalej ČSFR v r. 1990-1992. Úvery od Medzinárodného menového fondu. Úver na podporu platobnej bilancie a úverovanie projektov. Zahraničné úvery podnikom. 
610 2 0 |a úver devízový 
610 2 0 |a Čechy 
610 2 0 |a ČSFR 
610 2 0 |a 1990-1992 
610 2 0 |a Medzinárodný menový fond 
610 2 0 |a úver zahraničný 
610 2 0 |a údaje štatistické 
610 2 0 |a investície zo zahraničia 
100 1 |a Mervart, J.